|
|
|
|
| LEADER |
00000nam a2200000 i 4500 |
| 001 |
DIGUCANT0068 |
| 003 |
NyNyDIG |
| 008 |
200721s2018 sp ob 000 0 spa d |
| 006 |
m o d |
| 007 |
cr ||||||||||| |
| 035 |
|
|
|a (OCoLC)1184757661
|
| 040 |
|
|
|a DGITA
|b eng
|e rda
|e pn
|c DGITA
|
| 020 |
|
|
|a 9788481028638
|q eBook
|q pdf
|
| 020 |
|
|
|a 8481028630
|q eBook
|q pdf
|
| 020 |
|
|
|z 9788481028621
|
| 020 |
|
|
|z 8481028622
|
| 043 |
|
|
|a e-it---
|
| 050 |
1 |
4 |
|a PQ4872.E8 ebook
|
| 082 |
0 |
4 |
|a 858.91409
|
| 100 |
1 |
|
|a Roscales, Mary,
|d 1954-
|e author.
|
| 245 |
0 |
0 |
|a Primo Levi :
|b la inextinguible memoria de las cenizas /
|c Mary Roscales Sánchez.
|
| 264 |
|
1 |
|a Santander :
|b Ediciones Universidad de Cantabria,
|c 2018.
|
| 300 |
|
|
|a 1 online resource.
|
| 336 |
|
|
|a text
|b txt
|2 rdacontent
|
| 337 |
|
|
|a computer
|b c
|2 rdamedia
|
| 338 |
|
|
|a online resource
|b cr
|2 rdacarrier
|
| 347 |
|
|
|a text file
|2 rdaft
|
| 347 |
|
|
|b PDF
|
| 490 |
1 |
|
|a Colección Sociales ;
|v #59
|
| 504 |
|
|
|a Includes bibliographical references.
|
| 588 |
0 |
|
|a Online resource; title from PDF title page (Digitalia, viewed July 21, 2020)
|
| 650 |
|
0 |
|a Levi, Primo
|x Criticism and interpretation.
|
| 650 |
|
0 |
|a Holocaust, Jewish (1939-1945), in literature.
|
| 655 |
|
0 |
|a Electronic books.
|
| 791 |
2 |
|
|a Digitalia (Firm),
|e distributor.
|
| 793 |
0 |
|
|g Digitalia eBook Collection:
|a Universidad de Cantabria
|
| 776 |
0 |
8 |
|i Print version:
|a Roscales, Mary, 1954-
|t Primo Levi.
|d Santander : Ediciones Universidad Cantabria, 2018.
|z 9788481028621
|w (OCoLC)1076451569
|
| 830 |
|
0 |
|a Colección Sociales (Universidad de Cantabria) ;
|v #59.
|
| 856 |
4 |
0 |
|3 Digitalia Hispánica
|u https://www.digitaliapublishing.com/a/63100/
|
| 910 |
|
|
|a Premium collection: 2020
|